Cool construction / (Record no. 353577)
[ view plain ]
| 000 -LEADER | |
|---|---|
| fixed length control field | 00862nam a22002897a 4500 |
| 003 - CONTROL NUMBER IDENTIFIER | |
| control field | OSt |
| 005 - DATE AND TIME OF LATEST TRANSACTION | |
| control field | 20180116192412.0 |
| 008 - FIXED-LENGTH DATA ELEMENTS--GENERAL INFORMATION | |
| fixed length control field | 121206t 2001xxu||||| |||| 00| 0 eng d |
| 020 ## - INTERNATIONAL STANDARD BOOK NUMBER | |
| International Standard Book Number | 9780500282670 |
| 020 ## - INTERNATIONAL STANDARD BOOK NUMBER | |
| International Standard Book Number | 0500282676 |
| 040 ## - CATALOGING SOURCE | |
| Transcribing agency | 0 |
| 082 ## - DEWEY DECIMAL CLASSIFICATION NUMBER | |
| Classification number | 724.6 |
| 100 1# - MAIN ENTRY--PERSONAL NAME | |
| Personal name | Ryan, Raymund. |
| 9 (RLIN) | 6049 |
| 245 10 - TITLE STATEMENT | |
| Title | Cool construction / |
| Statement of responsibility, etc. | Raymund Ryan. |
| 260 ## - PUBLICATION, DISTRIBUTION, ETC. | |
| Place of publication, distribution, etc. | New York : |
| Name of publisher, distributor, etc. | Thames & Hudson, |
| Date of publication, distribution, etc. | 2001. |
| 300 ## - PHYSICAL DESCRIPTION | |
| Extent | 128 p. : |
| Other physical details | col. ill. ; |
| Dimensions | 25 cm. |
| 490 1# - SERIES STATEMENT | |
| Series statement | 4x4 series. |
| 490 1# - SERIES STATEMENT | |
| Series statement | Four x Four series. |
| 610 1# - SUBJECT ADDED ENTRY--CORPORATE NAME | |
| Corporate name or jurisdiction name as entry element | Williams, Tod (Tod C.) |
| 9 (RLIN) | 6050 |
| 610 1# - SUBJECT ADDED ENTRY--CORPORATE NAME | |
| Corporate name or jurisdiction name as entry element | Moura, Eduardo Souto de, |
| 9 (RLIN) | 6051 |
| 610 1# - SUBJECT ADDED ENTRY--CORPORATE NAME | |
| Corporate name or jurisdiction name as entry element | Chipperfield, David |
| 9 (RLIN) | 6052 |
| 610 1# - SUBJECT ADDED ENTRY--CORPORATE NAME | |
| Corporate name or jurisdiction name as entry element | Kishi, Waro, |
| 9 (RLIN) | 6053 |
| 650 ## - SUBJECT ADDED ENTRY--TOPICAL TERM | |
| Topical term or geographic name entry element | Architecture, Modern |
| General subdivision | Themes, motives |
| 9 (RLIN) | 6054 |
| 830 #0 - SERIES ADDED ENTRY--UNIFORM TITLE | |
| Uniform title | 4x4 series. |
| 9 (RLIN) | 6055 |
| 942 ## - ADDED ENTRY ELEMENTS (KOHA) | |
| Source of classification or shelving scheme | |
| Koha item type | Book |
| Withdrawn status | Lost status | Source of classification or shelving scheme | Damaged status | Not for loan | Permanent Location | Current Location | Date acquired | Total Checkouts | Total Renewals | Full call number | Barcode | Date last seen | Date last checked out | Cost, replacement price | Price effective from | Koha item type |
|---|---|---|---|---|---|---|---|---|---|---|---|---|---|---|---|---|
| School of Art Design and Architecture (SADA) | School of Art Design and Architecture (SADA) | 11/20/2012 | 2 | 1 | 724.6 RYN 2001 | SADA0001899 | 12/15/2015 | 11/24/2015 | 2016.00 | 12/06/2012 | Book |
